LEADER 01118nam a2200253 i 4500 001 991002879739707536 005 20021022143700.0 008 960610s1910 us ||| | eng 035 $ab11722411-39ule_inst 035 $aLE021FD222079$9ExL 040 $aDip. SSSC$bita 100 1 $aWinter, William$0444152 245 14$aThe american stage of to-day :$bbiographies and photographs of one hundred leading actors and actresses /$cArranged and decorated by Will Bradley ; with an introduction by William Winter 260 $aNew York :$bCollier & Son,$c1910 300 $a172 p. :$bin gran parte ill., 1 ritr 650 4$aAttori$zStati Uniti d'America 650 4$aFotografia$zStati Uniti$xTeatro 700 1 $aBradley, Will$eauthor$4http://id.loc.gov/vocabulary/relators/aut$0735906 907 $a.b11722411$b21-09-06$c24-10-02 912 $a991002879739707536 945 $aLE021FD TING32E19$g1$iLE021FD-766$lle023$nFondo D'Amico$o-$pE0.00$q-$rn$so $t0$u0$v0$w0$x0$y.i11962471$z24-10-02 996 $aAmerican stage of to-day$91453917 997 $aUNISALENTO 998 $ale021$b10-06-96$cm$da $e-$feng$gus $h4$i1 LEADER 01257nam0 22002891i 450 001 UON00113094 005 20231205102645.86 100 $a20020107d1981 |0itac50 ba 101 $aeng 102 $aIR 105 $a|||| 1|||| 200 1 $aˆThe ‰messages of the Imam of the Ummat$ethe sparks that lit the movement$eKhordad 15, 1342, (June 5, 1963)$fM. A. Xomeyni 210 $aTehran$cMinistry of islamic guidance$d1981 215 $a112 p.$d21 cm 620 $aIR$dTihra?n$3UONL005570 686 $aIRA V C$cIRAN - POLITOLOGIA - TESTI IDEOLOGICI$2A 700 1$aXOMEYNI$bRuhollah Musavi$3UONV002665$0637339 712 $aMInistry of islamic Guidance : Iran$3UONV255617$4650 790 0$aKHOMEINI$zXOMEYNI, Ruhollah Musavi$3UONV002668 790 0$aKOMEINI$zXOMEYNI, Ruhollah Musavi$3UONV002669 790 1$aKHOMEYNI, Ruhollah Musawi$zXOMEYNI, Ruhollah Musavi$3UONV099417 801 $aIT$bSOL$c20240220$gRICA 899 $aSIBA - SISTEMA BIBLIOTECARIO DI ATENEO$2UONSI 912 $aUON00113094 950 $aSIBA - SISTEMA BIBLIOTECARIO DI ATENEO$dSI IRA V C 003 $eSI SA 54740 7 003 996 $aMessages of the Imam of the Ummat$91308512 997 $aUNIOR